01 - Municipios de Álava (Click Map) - Estadísticas

Estadísticas generales
  • Esta prueba ha sido intentada 207 veces
  • La puntuación promedio es 20 de 54
Respuestas en el mapa
Las respuestas están codificadas por una escala verde-roja en el mapa de la prueba según el % correcto abajo.
 
Estadísticas de respuestas
Respuesta % Correcto
Vitoria-Gasteiz
75%
Amurrio
59%
Iruña de Oca
52%
Valdegóvia
52%
Legutio
49%
Zuia
49%
Aramaio
48%
Salvatierra
48%
Ayala
47%
Oyón
47%
Artziniega
46%
Llodio
46%
Okondo
46%
Campezo
45%
Laguardia
45%
Labastida
44%
Urkabustaiz
44%
Añana
41%
Ribera Alta
41%
Alegría-Dulantzi
39%
Arraia-Maeztu
39%
Kuartango
39%
Badaia
38%
Bernedo
38%
Zigoitia
38%
Peñacerrada
36%
Ribera Baja
35%
Arratzua-Uburrundia
34%
Asparrena
34%
Barrundia
34%
Lantarón
34%
Berantevilla
33%
Iruraiz
33%
Lapuebla de Labarca
32%
Harana
31%
Baños de Ebro
29%
Elburgo
29%
Elciego
28%
Lagrán
28%
Moreda de Álava
28%
Armiñón
27%
San Millán
27%
Yécora
27%
Lanciego
26%
Laño
26%
Samaniego
26%
Zalduondo
26%
Zambrana
25%
Entzia
24%
Villabuena de Álava
24%
Navaridas
22%
Elvillar
21%
Kripan
20%
Leza
16%
No se encontraron pruebas coincidentes
Distribución de puntuación
Porcentaje de gente con cada puntuación
Porcentaje por número respondido
Historial de tus puntuaciones
No has intentado esta prueba.